[Event "V Festival Magistrale"]
[Site "Aosta ITA"]
[Date "1990.12.08"]
[Round "1"]
[White "Flear, Christine"]
[Black "Sulava, Nenad"]
[WhiteElo "2160"]
[BlackElo "2430"]
[Result "1-0"]
[PlyCount "45"]
[EventDate "1990.12.08"]

1. d4 d5 2. c4 dxc4 3. Nc3 a6 4. a4 Nc6 5. Nf3 Nf6 6. e3 Na5 7. Nd2 Be6 8. Nde4
Nxe4 9. Nxe4 Bf5 10. Ng3 Bg6 11. Bd2 c5 12. dxc5 e6 13. Rc1 h5 14. Bxc4 h4 15.
Ne2 Nxc4 16. Rxc4 Qd5 17. Rd4 Qxg2 18. Rg1 Qxh2 19. Qb3 Be7 20. Qxb7 Rd8 21.
Qc6+ Kf8 22. Rf4 e5 23. Qxg6 1-0

[Event "V Festival Magistrale"]
[Site "Aosta ITA"]
[Date "1990.12.08"]
[Round "1"]
[White "Larsen, Steen Skovlund"]
[Black "Cvitan, Ognjen"]
[WhiteElo "2280"]
[BlackElo "2515"]
[Result "0-1"]
[PlyCount "114"]
[EventDate "1990.12.08"]

1. Nf3 Nf6 2. c4 g6 3. Nc3 Bg7 4. e4 d6 5. d4 O-O 6. Be2 e5 7. O-O Nc6 8. Be3
Ng4 9. Bg5 f6 10. Bc1 Nh6 11. dxe5 dxe5 12. c5 Nf7 13. h3 Qxd1 14. Rxd1 Be6 15.
Nd5 Rac8 16. Bc4 Rfe8 17. Be3 f5 18. Bb5 h6 19. a3 fxe4 20. Nh2 Kf8 21. Nc3
Red8 22. Bxc6 bxc6 23. Nxe4 Bd5 24. f3 Bb3 25. Rd2 Rd5 26. Nf1 Nd8 27. Nc3 Rxd2
28. Nxd2 Rb8 29. Nxb3 Rxb3 30. Rd1 Ne6 31. Rd2 Ke7 32. Bf2 Nf4 33. Kh2 Ke6 34.
Kg1 Bf6 35. Kf1 Bg5 36. h4 Be7 37. Kg1 Bf6 38. Kf1 e4 39. Nxe4 Bxb2 40. a4 Be5
41. Bg3 Rb1+ 42. Kf2 Ra1 43. Rd8 Ke7 44. Bxf4 Bxf4 45. Rg8 Ra2+ 46. Kf1 Kf7 47.
Rd8 Rxa4 48. Rd7+ Ke6 49. Rg7 Ra1+ 50. Ke2 Ra2+ 51. Kf1 Be5 52. Rxg6+ Kd5 53.
Rg8 a5 54. Nf2 Bd4 55. Rd8+ Kc4 56. Nd1 a4 57. g4 a3 0-1

[Event "V Festival Magistrale"]
[Site "Aosta ITA"]
[Date "1990.12.08"]
[Round "1"]
[White "Milos, Gilberto"]
[Black "Bianco, Valerio"]
[WhiteElo "2540"]
[BlackElo "2280"]
[Result "1-0"]
[PlyCount "57"]
[EventDate "1990.12.08"]

1. c4 e5 2. g3 Nc6 3. Bg2 g6 4. Nc3 Bg7 5. Rb1 a5 6. a3 f5 7. e3 e4 8. d3 exd3
9. Qxd3 Ne5 10. Qc2 Nxc4 11. Nb5 c6 12. Qxc4 cxb5 13. Qxb5 Ra7 14. Ne2 b6 15.
Nd4 Ne7 16. Ne6 Ba6 17. Qa4 Qc8 18. Nxg7+ Kf7 19. Bd2 Rc7 20. Qb3+ Rc4 21. O-O
Kxg7 22. Qxb6 a4 23. Rfc1 Rf8 24. Rxc4 Qxc4 25. Rc1 Qb5 26. Qd4+ Kf7 27. Bf1
Qb7 28. Bxa6 Qxa6 29. Qxd7 1-0

[Event "V Festival Magistrale"]
[Site "Aosta ITA"]
[Date "1990.12.08"]
[Round "1"]
[White "Moskalenko, Viktor"]
[Black "Anceschi, Vittorio"]
[WhiteElo "2515"]
[BlackElo "2270"]
[Result "1-0"]
[PlyCount "65"]
[EventDate "1990.12.08"]

1. d4 f5 2. g3 Nf6 3. Bg2 g6 4. c3 Bg7 5. Qb3 c6 6. Nd2 d5 7. Nh3 Qb6 8. O-O
Na6 9. Nf3 Nc7 10. Bf4 Ne6 11. Be5 Ne4 12. Bxg7 Nxg7 13. Qc2 O-O 14. e3 Qc7 15.
Nf4 b6 16. Ne5 g5 17. Nfd3 Ba6 18. c4 Qd6 19. Rfc1 Ne6 20. f3 dxc4 21. Nxc4
Nxd4 22. exd4 Qxd4+ 23. Nf2 Nf6 24. b3 Nd5 25. Re1 Rae8 26. Rad1 Qc5 27. Qd2 f4
28. Rc1 Bxc4 29. Rxc4 Qb5 30. Re5 h6 31. Ng4 Kg7 32. Qd4 Kh7 33. Bf1 1-0

[Event "V Festival Magistrale"]
[Site "Aosta ITA"]
[Date "1990.12.08"]
[Round "1"]
[White "Nogueiras Santiago, Jesus"]
[Black "Guido, Flavio"]
[WhiteElo "2550"]
[BlackElo "2295"]
[Result "1-0"]
[PlyCount "63"]
[EventDate "1990.12.08"]

1. d4 Nf6 2. Nf3 c5 3. d5 g6 4. Nc3 Bg7 5. e4 O-O 6. Bg5 d6 7. Nd2 Na6 8. Be2
Nc7 9. O-O a6 10. a4 Bd7 11. a5 Nb5 12. Na4 Qxa5 13. Nxc5 Qc7 14. Nxd7 Nxd7 15.
c3 Nc5 16. Re1 Qd7 17. Qc2 Rfe8 18. Nc4 Qc7 19. Be3 a5 20. Ra2 b6 21. Rd1 Red8
22. h3 Nd7 23. Nxb6 Nxc3 24. Nxa8 Nxe2+ 25. Qxe2 Rxa8 26. Qb5 Rb8 27. Qxa5 Qxa5
28. Rxa5 Rxb2 29. Ra7 Nf6 30. Ra8+ Bf8 31. Bh6 Nd7 32. Rc1 1-0

[Event "V Festival Magistrale"]
[Site "Aosta ITA"]
[Date "1990.12.08"]
[Round "1"]
[White "Sadler, Matthew D."]
[Black "Smart, Leslie J."]
[WhiteElo "2470"]
[BlackElo "2205"]
[Result "1-0"]
[PlyCount "61"]
[EventDate "1990.12.08"]

1. d4 Nf6 2. c4 e6 3. Nc3 Bb4 4. e3 O-O 5. Bd3 b6 6. Nge2 Bb7 7. a3 Bxc3+ 8.
Nxc3 d5 9. cxd5 exd5 10. b4 Nbd7 11. O-O c5 12. bxc5 bxc5 13. Rb1 Bc6 14. Bf5
Qa5 15. Qd2 c4 16. g3 Rab8 17. Rxb8 Rxb8 18. Bc2 Qa6 19. e4 Nb6 20. e5 Ne8 21.
f4 Qc8 22. Qe2 Qd8 23. Qh5 g6 24. Qh6 Nd7 25. f5 Nf8 26. Bg5 Qb6 27. fxg6 hxg6
28. Bf6 Qxd4+ 29. Kh1 Nh7 30. Bxg6 Nexf6 31. exf6 1-0

[Event "V Festival Magistrale"]
[Site "Aosta ITA"]
[Date "1990.12.08"]
[Round "1"]
[White "Stavru, Alessandro"]
[Black "Petursson, Margeir"]
[WhiteElo "2290"]
[BlackElo "2550"]
[Result "0-1"]
[PlyCount "78"]
[EventDate "1990.12.08"]

1. e4 g6 2. d4 Bg7 3. Nf3 d6 4. Be2 c6 5. a4 Nd7 6. Nc3 Qc7 7. Be3 Ngf6 8. Qd2
O-O 9. O-O b6 10. Rfe1 Bb7 11. Bf1 e6 12. h3 a6 13. e5 dxe5 14. dxe5 Nd5 15.
Bh6 Nxc3 16. Bxg7 Kxg7 17. Qxc3 c5 18. Nd2 Bd5 19. Nc4 Bxc4 20. Bxc4 Nb8 21.
Qf3 Nc6 22. Qf6+ Kg8 23. Rad1 Rad8 24. Bxa6 Nb4 25. Bd3 Nxd3 26. Rxd3 Rxd3 27.
cxd3 Qd7 28. h4 h5 29. b3 Qxd3 30. Re3 Qd1+ 31. Kh2 Rd8 32. Rg3 Rd7 33. Qf3 Qb1
34. Qc3 Rd1 35. Rf3 Rh1+ 36. Kg3 Qg1 37. Rf4 Qh2+ 38. Kf3 Rg1 39. g3 Qh1+ 0-1

[Event "V Festival Magistrale"]
[Site "Aosta ITA"]
[Date "1990.12.08"]
[Round "1"]
[White "Wagman, Stuart"]
[Black "Flear, Glenn Curtis"]
[WhiteElo "2245"]
[BlackElo "2485"]
[Result "1/2-1/2"]
[PlyCount "67"]
[EventDate "1990.12.08"]

1. e4 e5 2. Nf3 Nc6 3. Bb5 a6 4. Ba4 Nf6 5. O-O Nxe4 6. d4 b5 7. Bb3 d5 8. Nc3
Nxc3 9. bxc3 e4 10. Ng5 f6 11. Nh3 Bxh3 12. Qh5+ g6 13. Qxh3 f5 14. f3 Qd7 15.
fxe4 dxe4 16. a4 b4 17. a5 bxc3 18. Ba4 Bb4 19. Bg5 h5 20. d5 Qxd5 21. Rad1 Qc4
22. Bb3 Qc5+ 23. Be3 Qe7 24. Ba4 Qe6 25. Qg3 Rh7 26. Rxf5 gxf5 27. Bxc6+ Qxc6
28. Qg8+ Bf8 29. Qxh7 Qe6 30. Qxh5+ Qf7 31. Qh8 Qg7 32. Qh5+ Qf7 33. Qh8 Qg7
34. Qh5+ 1/2-1/2

[Event "V Festival Magistrale"]
[Site "Aosta ITA"]
[Date "1990.12.09"]
[Round "2"]
[White "Beim, Valery"]
[Black "Wagman, Stuart"]
[WhiteElo "2480"]
[BlackElo "2245"]
[Result "1-0"]
[PlyCount "37"]
[EventDate "1990.12.08"]

1. d4 d5 2. c4 dxc4 3. e4 c5 4. d5 e6 5. Nc3 Nf6 6. Bxc4 exd5 7. Nxd5 Nxd5 8.
Bxd5 Be7 9. Nf3 O-O 10. O-O Nd7 11. Qe2 Qc7 12. e5 Nb6 13. Be4 Be6 14. Re1 Rae8
15. Ng5 Bxg5 16. Bxg5 Bd5 17. Bxh7+ Kxh7 18. Qh5+ Kg8 19. Bf6 1-0

[Event "V Festival Magistrale"]
[Site "Aosta ITA"]
[Date "1990.12.09"]
[Round "2"]
[White "Bellia, Fabrizio"]
[Black "Marinelli, Tullio"]
[WhiteElo "2295"]
[BlackElo "2355"]
[Result "0-1"]
[PlyCount "78"]
[EventDate "1990.12.08"]

1. e4 c5 2. Nf3 d6 3. d4 cxd4 4. Nxd4 Nf6 5. Nc3 a6 6. Be2 e5 7. Nb3 Be6 8. f4
Qc7 9. Be3 Nbd7 10. Qd2 Be7 11. f5 Bc4 12. g4 h6 13. Bxc4 Qxc4 14. Qg2 d5 15.
Nxd5 Nxd5 16. exd5 Bh4+ 17. Kd1 Rc8 18. c3 Nf6 19. Nd2 Qd3 20. Qe2 Qxd5 21. Kc2
O-O 22. Rhd1 Qc6 23. h3 Nd5 24. Rac1 Nxe3+ 25. Qxe3 Bg5 26. Qe2 Rfd8 27. Ra1
Bxd2 28. Rxd2 Rxd2+ 29. Kxd2 Qa4 30. Qd3 Re8 31. b3 Qf4+ 32. Kc2 e4 33. Qe2 Qg3
34. Rh1 e3 35. Rd1 Qxh3 36. Rd7 h5 37. Rd4 hxg4 38. f6 Qf3 39. Kd1 Qxf6 0-1

[Event "V Festival Magistrale"]
[Site "Aosta ITA"]
[Date "1990.12.09"]
[Round "2"]
[White "Chiong Zacarias Romero, Luis"]
[Black "Palac, Mladen"]
[WhiteElo "2380"]
[BlackElo "2485"]
[Result "0-1"]
[PlyCount "126"]
[EventDate "1990.12.08"]

1. d4 Nf6 2. c4 e6 3. Nc3 Bb4 4. Qc2 O-O 5. a3 Bxc3+ 6. Qxc3 d6 7. Nf3 b6 8. g3
Bb7 9. Bg2 a5 10. b3 Nbd7 11. O-O c5 12. Bb2 Qc7 13. Rfd1 a4 14. b4 Ne4 15. Qd3
cxb4 16. axb4 d5 17. cxd5 exd5 18. Rdc1 Qd6 19. b5 Rfc8 20. Rxc8+ Bxc8 21. Ne5
Bb7 22. f3 Nef6 23. Bh3 Qe7 24. Nc6 Qe8 25. Ba3 Kh8 26. Ne7 Nf8 27. Nf5 Qd7 28.
Kg2 Ne6 29. Nd6 Ne8 30. Nxb7 Qxb7 31. Rc1 Rc8 32. Rxc8 Qxc8 33. e4 Qd7 34. e5
N8c7 35. Qc3 h6 36. Bxe6 fxe6 37. Qc6 Qxc6 38. bxc6 Kg8 39. Bd6 Nb5 40. f4 Kf7
41. Ba3 Ke8 42. Bb2 Na7 43. c7 Kd7 44. g4 g6 45. f5 exf5 46. gxf5 gxf5 47. Kf3
b5 48. Kf4 b4 49. Kxf5 a3 50. Bc1 Nb5 51. e6+ Kxc7 52. Kf6 Kd8 53. Kf7 Nd6+ 54.
Kf8 Nf5 55. Kf7 Kc7 56. e7 Nd6+ 57. Kf8 Kd7 58. Bf4 Ne8 59. Bc1 a2 60. Bb2 b3
61. h4 h5 62. Bc3 Nd6 63. Ba1 Ke6 0-1

[Event "V Festival Magistrale"]
[Site "Aosta ITA"]
[Date "1990.12.09"]
[Round "2"]
[White "Drasko, Milan"]
[Black "Panzalovic, Srdjan"]
[WhiteElo "2460"]
[BlackElo "2335"]
[Result "1-0"]
[PlyCount "123"]
[EventDate "1990.12.08"]

1. d4 Nf6 2. c4 e6 3. Nc3 Bb4 4. Qc2 O-O 5. a3 Bxc3+ 6. Qxc3 b6 7. Bg5 Bb7 8.
f3 h6 9. Bh4 d5 10. e3 Nbd7 11. Bd3 c5 12. cxd5 cxd4 13. exd4 Bxd5 14. Ne2 Rc8
15. Qd2 Bc4 16. O-O Bxd3 17. Qxd3 Ne5 18. Qb3 Ng6 19. Bg3 Nh5 20. Rfd1 Nxg3 21.
hxg3 Ne7 22. Rac1 Qd7 23. Kf2 Rfd8 24. a4 Rc6 25. Rc3 Rd6 26. Rdc1 Nc6 27. d5
exd5 28. Qb5 Ne5 29. Nd4 g6 30. Re1 a6 31. Qxa6 b5 32. Qxb5 Qa7 33. Rxe5 Qxd4+
34. Rce3 Rb6 35. Re8+ Rxe8 36. Qxe8+ Kg7 37. Qe5+ Qxe5 38. Rxe5 Rxb2+ 39. Re2
Rb6 40. a5 Ra6 41. Ra2 Kf6 42. Ke3 Ke5 43. f4+ Kd6 44. Kd4 h5 45. Ra3 f6 46.
Ra2 Kc6 47. Rc2+ Kb7 48. Rb2+ Kc7 49. Rb6 Rxa5 50. Rxf6 Ra2 51. Rxg6 Rxg2 52.
Kxd5 h4 53. g4 h3 54. Rg7+ Kd8 55. g5 Rg4 56. Rh7 Rxf4 57. Ke6 Re4+ 58. Kf5 Re3
59. g6 Rg3 60. Kf6 Rf3+ 61. Ke6 Re3+ 62. Kf7 1-0

[Event "V Festival Magistrale"]
[Site "Aosta ITA"]
[Date "1990.12.09"]
[Round "2"]
[White "Farago, Ivan"]
[Black "Borgo, Giulio"]
[WhiteElo "2465"]
[BlackElo "2355"]
[Result "1-0"]
[PlyCount "63"]
[EventDate "1990.12.08"]

1. d4 Nf6 2. c4 c5 3. d5 b5 4. cxb5 a6 5. e3 g6 6. Nc3 Bg7 7. e4 d6 8. Nf3 O-O
9. a4 Nbd7 10. Bd2 Bb7 11. Be2 axb5 12. axb5 e6 13. Rxa8 Qxa8 14. dxe6 fxe6 15.
O-O d5 16. Ng5 Re8 17. f3 h6 18. Nh3 dxe4 19. fxe4 Nxe4 20. Bf3 Bd4+ 21. Kh1
Nxd2 22. Qxd2 Kg7 23. Bxb7 Qxb7 24. Ng1 e5 25. Nge2 Nf6 26. h3 Re6 27. Qd3 Qd7
28. Qc4 Rd6 29. b4 cxb4 30. Qxb4 Nd5 31. Nxd5 Rxd5 32. Qf8+ 1-0

[Event "V Festival Magistrale"]
[Site "Aosta ITA"]
[Date "1990.12.09"]
[Round "2"]
[White "Flear, Glenn Curtis"]
[Black "Garcia, Alvaro"]
[WhiteElo "2485"]
[BlackElo "2245"]
[Result "1-0"]
[PlyCount "117"]
[EventDate "1990.12.08"]

1. d4 e6 2. c4 Nf6 3. Nc3 d5 4. cxd5 exd5 5. Bg5 Be7 6. e3 O-O 7. Bd3 c6 8. Qc2
Nbd7 9. Nf3 Re8 10. O-O Ne4 11. Bxe4 Bxg5 12. Bxh7+ Kh8 13. Nxg5 Qxg5 14. Bf5
g6 15. Bh3 Nf6 16. f4 Qh5 17. Bxc8 Raxc8 18. Rf3 Kg7 19. Rh3 Qg4 20. Rf1 Rh8
21. Rff3 Rxh3 22. Rxh3 Re8 23. Rg3 Qh4 24. Qd1 Ne4 25. Nxe4 Rxe4 26. f5 g5 27.
Rh3 Qg4 28. Rf3 Kf6 29. Qd2 Qh4 30. Qa5 Kg7 31. Rg3 b6 32. Qc3 Qh6 33. h3 Qf6
34. b4 Kh6 35. a3 Qd6 36. Rf3 f6 37. g4 Kg7 38. Kg2 Re8 39. Rf2 Rc8 40. Qd3 Qe7
41. Rc2 Rc7 42. Kf3 Qd6 43. Kg2 Re7 44. Rc3 Rc7 45. Qc2 Kh6 46. Qf2 Qe7 47. Qf3
Qd6 48. h4 Rh7 49. Qg3 Qxg3+ 50. Kxg3 gxh4+ 51. Kxh4 Rc7 52. Rc1 Kg7 53. Kg3
Kf8 54. Kf4 Ke8 55. g5 fxg5+ 56. Kxg5 Rg7+ 57. Kf6 Rh7 58. Kg6 Rc7 59. Rh1 1-0

[Event "V Festival Magistrale"]
[Site "Aosta ITA"]
[Date "1990.12.09"]
[Round "2"]
[White "Grosar, Aljosa"]
[Black "Ilincic, Zlatko"]
[WhiteElo "2330"]
[BlackElo "2470"]
[Result "1-0"]
[PlyCount "89"]
[EventDate "1990.12.08"]

1. e4 c5 2. Nf3 d6 3. d4 cxd4 4. Nxd4 Nf6 5. Nc3 a6 6. Be3 e6 7. f3 b5 8. g4 h6
9. Qd2 Bb7 10. O-O-O Nbd7 11. h4 Nb6 12. Bd3 Nfd7 13. g5 Ne5 14. f4 Nbc4 15.
Qe2 Nxe3 16. Qxe3 Nxd3+ 17. cxd3 b4 18. Nce2 e5 19. Nf3 Qa5 20. Kb1 Be7 21. Ng3
b3 22. axb3 g6 23. gxh6 Qb5 24. h5 a5 25. hxg6 fxg6 26. Ne2 a4 27. bxa4 Qxa4
28. Nc3 Qa5 29. Nd2 exf4 30. Qxf4 Rf8 31. Qg3 Bf6 32. Nc4 Qa6 33. Qxd6 Bxc3 34.
Qxa6 Bxa6 35. bxc3 Bxc4 36. dxc4 Ke7 37. Rd5 Ra4 38. h7 Rh8 39. Rc5 Kd6 40. Rg5
Ke6 41. Rxg6+ Kf7 42. Rg8 Rxg8 43. Rf1+ Kg7 44. hxg8=Q+ Kxg8 45. Kc2 1-0

[Event "V Festival Magistrale"]
[Site "Aosta ITA"]
[Date "1990.12.09"]
[Round "2"]
[White "Petursson, Margeir"]
[Black "Laketic, Gojko"]
[WhiteElo "2550"]
[BlackElo "2435"]
[Result "1-0"]
[PlyCount "70"]
[EventDate "1990.12.08"]

1. c4 e5 2. Nc3 Bb4 3. g3 Bxc3 4. bxc3 Nc6 5. Bg2 Nge7 6. d4 O-O 7. e3 d6 8.
Ne2 Na5 9. c5 dxc5 10. Ba3 cxd4 11. cxd4 exd4 12. Qxd4 Nac6 13. Qc3 Re8 14. Bb2
f6 15. Nf4 Qd6 16. Qb3+ Kh8 17. O-O Ne5 18. h3 a5 19. Ba3 Qa6 20. Rfd1 N7c6 21.
Rac1 Bf5 22. e4 Bd7 23. Nd5 Be6 24. f4 Nd7 25. Qc3 Rac8 26. Bb2 Bxd5 27. exd5
Ne7 28. Re1 h6 29. Re6 Qa7+ 30. Kh2 Nf5 31. Qe1 Nd6 32. Rxc7 Rxc7 33. Rxe8+ Kh7
34. Qb1+ f5 35. Re7 Ne4 1-0

[Event "V Festival Magistrale"]
[Site "Aosta ITA"]
[Date "1990.12.09"]
[Round "2"]
[White "Sarno, Spartaco"]
[Black "Barlov, Dragan"]
[WhiteElo "2385"]
[BlackElo "2495"]
[Result "1-0"]
[PlyCount "93"]
[EventDate "1990.12.08"]

1. d4 Nf6 2. c4 c5 3. d5 g6 4. Nc3 d6 5. e4 Bg7 6. h3 O-O 7. Nf3 e6 8. Bd3 Na6
9. Bg5 Nc7 10. a4 Na6 11. O-O Nb4 12. Bb1 e5 13. Qd2 Qe8 14. Ra3 Kh8 15. Nh2
Ng8 16. Ne2 Bd7 17. g4 Bxa4 18. h4 Bd7 19. Ng3 b5 20. h5 bxc4 21. Be3 Nd3 22.
Bxd3 cxd3 23. Rfa1 Bb5 24. Rxa7 Rxa7 25. Rxa7 Qb8 26. Ra1 Qb7 27. h6 Bf6 28. g5
Be7 29. f4 exf4 30. Bxf4 Qd7 31. Rf1 f6 32. Qc3 Rf7 33. Rf3 Bf8 34. Ngf1 Ba6
35. Ne3 Qb5 36. Neg4 Qb4 37. Qxb4 cxb4 38. Bd2 Be7 39. Bxb4 Bc8 40. Bc3 Bxg4
41. Nxg4 Bd8 42. Rxd3 Ne7 43. Rf3 Nc8 44. Nxf6 Bxf6 45. Rxf6 Kg8 46. Rxf7 Kxf7
47. Bd4 1-0

[Event "V Festival Magistrale"]
[Site "Aosta ITA"]
[Date "1990.12.09"]
[Round "2"]
[White "Van Der Sterren, Paul"]
[Black "Arakhamia, Ketevan"]
[WhiteElo "2485"]
[BlackElo "2380"]
[Result "0-1"]
[PlyCount "70"]
[EventDate "1990.12.08"]

1. d4 Nf6 2. c4 g6 3. Nc3 Bg7 4. e4 d6 5. Nf3 O-O 6. Be2 e5 7. O-O Nc6 8. Be3
Ng4 9. Bg5 f6 10. Bc1 Kh8 11. h3 exd4 12. Nxd4 Nxd4 13. Qxd4 f5 14. Qd1 Ne5 15.
exf5 Bxf5 16. f4 Nc6 17. Be3 Qf6 18. Qd2 Rae8 19. Rae1 Nb4 20. Bf2 c5 21. g4
Bd7 22. a3 Nc6 23. Bg3 Nd4 24. Bd1 Bc6 25. Qd3 Qf7 26. b4 a6 27. Kh2 b5 28.
cxb5 Nxb5 29. Nxb5 Bxb5 30. Qxd6 Bxf1 31. Rxf1 Qc4 32. Kg2 Rd8 33. Qxc5 Rd2+
34. Bf2 Qxf4 35. a4 Be5 0-1

[Event "V Festival Magistrale"]
[Site "Aosta ITA"]
[Date "1990.12.10"]
[Round "3"]
[White "Arakhamia, Ketevan"]
[Black "Cebalo, Miso"]
[WhiteElo "2380"]
[BlackElo "2505"]
[Result "0-1"]
[PlyCount "80"]
[EventDate "1990.12.08"]

1. e4 c5 2. Nf3 e6 3. d4 cxd4 4. Nxd4 Nc6 5. Nc3 d6 6. Be3 Nf6 7. Bc4 Be7 8.
Qe2 a6 9. O-O-O Qc7 10. Bb3 O-O 11. g4 Nd7 12. g5 Nc5 13. Kb1 Nxb3 14. cxb3 Bd7
15. Rc1 Rac8 16. f4 Rfe8 17. h4 Bf8 18. h5 Nxd4 19. Bxd4 Bc6 20. g6 h6 21.
gxf7+ Qxf7 22. Rhg1 b5 23. b4 Bb7 24. Rg6 e5 25. fxe5 Rc4 26. Rf1 Qd7 27. Qf2
dxe5 28. Bxe5 Rcc8 29. Bd4 Rxe4 30. Bc5 Ree8 31. Rfg1 Rxc5 32. bxc5 b4 33. Ne2
Qd3+ 34. Ka1 Qxe2 35. Qg3 Qe5 36. Qb3+ Bd5 37. Qxb4 Bf7 38. R6g2 Kh8 39. Qd2
Qxc5 40. Rf1 Qc4 0-1

[Event "V Festival Magistrale"]
[Site "Aosta ITA"]
[Date "1990.12.10"]
[Round "3"]
[White "Bogdanovski, Vlatko"]
[Black "Petursson, Margeir"]
[WhiteElo "2445"]
[BlackElo "2550"]
[Result "0-1"]
[PlyCount "78"]
[EventDate "1990.12.08"]

1. d4 Nf6 2. Nf3 d5 3. c4 c6 4. e3 Bf5 5. cxd5 cxd5 6. Nc3 Nc6 7. Qb3 Na5 8.
Bb5+ Bd7 9. Qa4 Nc6 10. Ne5 Qc7 11. Nxd7 Qxd7 12. Bd2 Rc8 13. O-O e6 14. Rfc1
Bd6 15. Qd1 O-O 16. Na4 Qc7 17. g3 Ne4 18. a3 Rfd8 19. Qe1 Qe7 20. Bxc6 bxc6
21. Bb4 e5 22. Kg2 Re8 23. dxe5 Qxe5 24. Bxd6 Nxd6 25. Qd1 Nc4 26. Qc2 Qh5 27.
Qd1 Qf5 28. Qc2 Qg4 29. h3 Qg5 30. b3 Nd6 31. Nc5 Nf5 32. e4 Nh4+ 33. Kf1 Nf3
34. Kg2 dxe4 35. Nxe4 Qf5 36. Nd6 Ne1+ 37. Kh2 Qxc2 38. Rxc2 Nxc2 39. Rc1 Nxa3
0-1

[Event "V Festival Magistrale"]
[Site "Aosta ITA"]
[Date "1990.12.10"]
[Round "3"]
[White "Flear, Christine"]
[Black "Barbero, Gerardo F."]
[WhiteElo "2160"]
[BlackElo "2475"]
[Result "1/2-1/2"]
[PlyCount "80"]
[EventDate "1990.12.08"]

1. d4 Nf6 2. c4 g6 3. Nc3 Bg7 4. e4 d6 5. Nf3 O-O 6. h3 c5 7. d5 e6 8. Bd3 exd5
9. exd5 Re8+ 10. Be3 Na6 11. O-O Nc7 12. a4 Na6 13. Rc1 Nb4 14. Bb1 a6 15. Qd2
Bd7 16. Bf4 Qc7 17. Ng5 Rac8 18. Rfe1 Nh5 19. Bh2 Bh6 20. g4 f6 21. gxh5 Bxg5
22. Bf4 Bxh3 23. Bxg5 Qd7 24. Qf4 fxg5 25. Qxg5 Bf5 26. Ne4 Bxe4 27. Rxe4 Rxe4
28. Bxe4 Re8 29. Bb1 Re5 30. Qg3 Qe7 31. f4 Rxh5 32. Re1 Rh3 33. Qxg6+ hxg6 34.
Rxe7 Rf3 35. Rxb7 Rxf4 36. b3 Rf3 37. Kg2 Rxb3 38. Bxg6 Rc3 39. Rd7 Rxc4 40.
Rxd6 Nxd5 1/2-1/2

[Event "V Festival Magistrale"]
[Site "Aosta ITA"]
[Date "1990.12.10"]
[Round "3"]
[White "Gallagher, Joseph G."]
[Black "Farago, Ivan"]
[WhiteElo "2500"]
[BlackElo "2465"]
[Result "1/2-1/2"]
[PlyCount "75"]
[EventDate "1990.12.08"]

1. e4 e6 2. d4 d5 3. Nc3 Bb4 4. e5 Ne7 5. a3 Bxc3+ 6. bxc3 c5 7. Qg4 O-O 8. Bd3
f5 9. exf6 Rxf6 10. Bg5 Rf7 11. Qh4 h6 12. Bxe7 Rxe7 13. Qg3 c4 14. Bg6 Nc6 15.
f4 Bd7 16. Ne2 Be8 17. O-O Bxg6 18. Qxg6 Qe8 19. Qg4 Kh7 20. Rae1 Qg6 21. Qxg6+
Kxg6 22. f5+ exf5 23. Nf4+ Kf7 24. Nxd5 Rxe1 25. Rxe1 g6 26. h4 Rd8 27. Ne3 b5
28. h5 Re8 29. Kf2 a6 30. hxg6+ Kxg6 31. Nd5 Rxe1 32. Kxe1 a5 33. Kd2 Kg5 34.
Ke3 Kg4 35. Nf6+ Kg5 36. Nd5 Kg4 37. Nf6+ Kg5 38. Nd5 1/2-1/2

[Event "V Festival Magistrale"]
[Site "Aosta ITA"]
[Date "1990.12.10"]
[Round "3"]
[White "Ilincic, Zlatko"]
[Black "D'Apa, Stefano"]
[WhiteElo "2470"]
[BlackElo "2260"]
[Result "1-0"]
[PlyCount "33"]
[EventDate "1990.12.08"]

1. d4 Nf6 2. c4 e6 3. Nc3 Bb4 4. Qc2 c5 5. dxc5 Bxc5 6. Nf3 h6 7. Bf4 a6 8. Rd1
O-O 9. e4 Nc6 10. a3 Be7 11. e5 Nh5 12. Be3 f6 13. Qg6 Qe8 14. Qxe8 Rxe8 15. g4
fxe5 16. gxh5 Bf6 17. Ne4 1-0

[Event "V Festival Magistrale"]
[Site "Aosta ITA"]
[Date "1990.12.10"]
[Round "3"]
[White "Laketic, Gojko"]
[Black "Clarke, Thomas"]
[WhiteElo "2435"]
[BlackElo "2215"]
[Result "1-0"]
[PlyCount "27"]
[EventDate "1990.12.08"]

1. d4 Nf6 2. c4 e5 3. dxe5 Ng4 4. Nf3 Bc5 5. e3 Nc6 6. Be2 O-O 7. Nc3 Re8 8.
O-O Ngxe5 9. b3 a5 10. Bb2 Nxf3+ 11. Bxf3 Ne5 12. Ne4 Nxf3+ 13. Qxf3 Bf8 14.
Nf6+ 1-0

[Event "V Festival Magistrale"]
[Site "Aosta ITA"]
[Date "1990.12.10"]
[Round "3"]
[White "Legky, Nikolay A."]
[Black "Rodriguez Cespedes, Amador"]
[WhiteElo "2405"]
[BlackElo "2515"]
[Result "1/2-1/2"]
[PlyCount "42"]
[EventDate "1990.12.08"]

1. d4 Nf6 2. Nf3 e6 3. e3 c5 4. c4 d5 5. cxd5 exd5 6. Bb5+ Bd7 7. Bxd7+ Nbxd7
8. O-O Be7 9. dxc5 Nxc5 10. Nc3 O-O 11. b3 Rc8 12. Bb2 Nce4 13. Nxe4 dxe4 14.
Qxd8 Rfxd8 15. Nd4 g6 16. Rac1 Nd5 17. Rfd1 Bf6 18. g4 Bg7 19. Nb5 Bxb2 20.
Rxc8 Rxc8 21. Rxd5 a6 1/2-1/2

[Event "V Festival Magistrale"]
[Site "Aosta ITA"]
[Date "1990.12.10"]
[Round "3"]
[White "Moskalenko, Viktor"]
[Black "Atalik, Suat"]
[WhiteElo "2515"]
[BlackElo "2415"]
[Result "1-0"]
[PlyCount "75"]
[EventDate "1990.12.08"]

1. d4 Nf6 2. c4 e6 3. Nc3 d5 4. cxd5 exd5 5. Bg5 Be7 6. e3 c6 7. Qc2 Nbd7 8.
Bd3 O-O 9. Nge2 Re8 10. O-O Nf8 11. f3 Ng6 12. Rad1 Be6 13. Ng3 Qa5 14. Rde1 c5
15. f4 c4 16. Be2 Bd7 17. Bf3 Bc6 18. Nf5 Ne4 19. Nxe7+ Nxe7 20. Bxe4 dxe4 21.
Bxe7 Rxe7 22. f5 f6 23. a3 Rae8 24. Rc1 b5 25. d5 Bb7 26. Rcd1 Qb6 27. Rd4 a5
28. Rfd1 Ra8 29. a4 b4 30. Nb5 c3 31. bxc3 Ba6 32. cxb4 Bxb5 33. axb5 axb4 34.
Qc6 Rb8 35. Qxb6 Rxb6 36. d6 Re8 37. d7 Rd8 38. Rxe4 1-0

[Event "V Festival Magistrale"]
[Site "Aosta ITA"]
[Date "1990.12.10"]
[Round "3"]
[White "Sadler, Matthew D."]
[Black "Grosar, Aljosa"]
[WhiteElo "2470"]
[BlackElo "2330"]
[Result "1-0"]
[PlyCount "97"]
[EventDate "1990.12.08"]

1. d4 Nf6 2. c4 e6 3. Nc3 Bb4 4. e3 c5 5. Bd3 b6 6. Nge2 Bb7 7. O-O cxd4 8.
exd4 O-O 9. d5 exd5 10. cxd5 h6 11. Bc4 Qc8 12. Qd4 d6 13. a3 Bxc3 14. Nxc3
Nbd7 15. Bf4 Ne5 16. Bb5 a6 17. Be2 Qc5 18. Qxc5 bxc5 19. Bxe5 dxe5 20. Rfd1
Rfd8 21. d6 Ne8 22. Na4 Nxd6 23. Nxc5 a5 24. b4 Bc6 25. Rac1 axb4 26. axb4 Nb5
27. Rxd8+ Rxd8 28. Nb3 Be8 29. Rc5 Nd4 30. Nxd4 exd4 31. Bd3 Rb8 32. b5 Ra8 33.
Kf1 Ra3 34. Ke2 Rb3 35. Rc7 Kf8 36. Rb7 g6 37. g3 Kg7 38. Kd2 Rb2+ 39. Kc1 Rb3
40. Kc2 Rc3+ 41. Kd2 Rb3 42. f4 h5 43. Bc4 Rc3 44. Ba2 h4 45. b6 hxg3 46. hxg3
Bc6 47. Rxf7+ Kh6 48. Rc7 Ra3 49. Bg8 1-0

[Event "V Festival Magistrale"]
[Site "Aosta ITA"]
[Date "1990.12.10"]
[Round "3"]
[White "Tortarolo, Massimiliano"]
[Black "Gheorghiu, Florin"]
[WhiteElo "2265"]
[BlackElo "2500"]
[Result "0-1"]
[PlyCount "122"]
[EventDate "1990.12.08"]

1. e4 c5 2. Nf3 e6 3. d4 cxd4 4. Nxd4 a6 5. Nc3 Qc7 6. Bd3 Nc6 7. Nxc6 dxc6 8.
Qe2 e5 9. a4 Nf6 10. Be3 Nd7 11. Bc4 a5 12. O-O Bd6 13. Qg4 g6 14. Qf3 f6 15.
Rad1 h5 16. Rd2 Be7 17. h4 Kf8 18. Qg3 Kg7 19. f4 exf4 20. Bxf4 Bc5+ 21. Kh2
Ne5 22. Bxe5 Qxe5 23. Qxe5 fxe5 24. Rf7+ Kh6 25. Rd3 Rb8 26. Nd1 Bg4 27. Ne3
Bxe3 28. Rxe3 Rhf8 29. Rxf8 Rxf8 30. Kg3 Rf4 31. Be2 Bxe2 32. Rxe2 g5 33. hxg5+
Kxg5 34. b3 h4+ 35. Kh2 Rf1 36. Rd2 Kf4 37. Rd7 Kxe4 38. Rxb7 Ke3 39. Kh3 Rh1+
40. Kg4 Rh2 41. Kf5 Rxg2 42. Rh7 Kd2 43. Rxh4 Kxc2 44. b4 axb4 45. Rxb4 Kc3 46.
Rb6 c5 47. Kxe5 c4 48. Rb5 Kd3 49. Rd5+ Ke3 50. Kd6 c3 51. Kc6 c2 52. Re5+ Kd2
53. Rc5 Rg5 54. Rxc2+ Kxc2 55. Kb6 Kb3 56. a5 Kb4 57. a6 Rg6+ 58. Kb7 Kb5 59.
a7 Rg7+ 60. Kb8 Kb6 61. a8=N+ Kc6 0-1